<?xml version="1.0" encoding="UTF-8"?>
<record
    xmlns:xsi="http://www.w3.org/2001/XMLSchema-instance"
    xsi:schemaLocation="http://www.loc.gov/MARC21/slim http://www.loc.gov/standards/marcxml/schema/MARC21slim.xsd"
    xmlns="http://www.loc.gov/MARC21/slim">

  <leader>02285nam a2200301 i 4500</leader>
  <controlfield tag="003">EG-GICUC</controlfield>
  <controlfield tag="005">20260429121028.0</controlfield>
  <controlfield tag="008">260429s1928    fr  |||fr|||| 00| 0 fre d</controlfield>
  <datafield tag="040" ind1=" " ind2=" ">
    <subfield code="a">EG-GiCUC</subfield>
    <subfield code="b">fre</subfield>
    <subfield code="c">EG-GiCUC</subfield>
    <subfield code="d">EG-GiCUC</subfield>
    <subfield code="e">Rda</subfield>
  </datafield>
  <datafield tag="041" ind1=" " ind2=" ">
    <subfield code="a">fre</subfield>
  </datafield>
  <datafield tag="082" ind1="0" ind2="4">
    <subfield code="2">21</subfield>
    <subfield code="a">343.044</subfield>
    <subfield code="b">LO . L</subfield>
  </datafield>
  <datafield tag="092" ind1="0" ind2="4">
    <subfield code="2">21</subfield>
  </datafield>
  <datafield tag="099" ind1=" " ind2=" ">
    <subfield code="a">Law1 10 343.044 LO . L 1828</subfield>
  </datafield>
  <datafield tag="100" ind1="1" ind2=" ">
    <subfield code="a">Locr&#xE9;, M. Le Baron</subfield>
    <subfield code="e">Auteur</subfield>
  </datafield>
  <datafield tag="245" ind1="1" ind2="3">
    <subfield code="a">La L&#xE9;gislation Civile, Commerciale Et Criminelle De La France, Ou Commentaire Et Compl&#xE9;ment Des Codes Francais.</subfield>
    <subfield code="n">Tome Douzieme / </subfield>
    <subfield code="c">Par M. Le Baron Locr&#xE9;.</subfield>
  </datafield>
  <datafield tag="264" ind1=" " ind2="1">
    <subfield code="a">Paris :</subfield>
    <subfield code="b">Treuttel Et W&#xFC;rtz, Libraires,</subfield>
    <subfield code="c">1828.</subfield>
  </datafield>
  <datafield tag="300" ind1=" " ind2=" ">
    <subfield code="a">600 page ; </subfield>
    <subfield code="c"> 24 cm.</subfield>
  </datafield>
  <datafield tag="336" ind1=" " ind2=" ">
    <subfield code="2">rda contenu</subfield>
    <subfield code="a"> texte</subfield>
  </datafield>
  <datafield tag="337" ind1=" " ind2=" ">
    <subfield code="2">rda  medias</subfield>
    <subfield code="a">Ordinateur</subfield>
  </datafield>
  <datafield tag="338" ind1=" " ind2=" ">
    <subfield code="2"> transporteur rda</subfield>
    <subfield code="a"> Ressource en ligne</subfield>
  </datafield>
  <datafield tag="500" ind1=" " ind2=" ">
    <subfield code="a">Le Commervaike, De Is Conf&#xE9;rence Aree Le Texte Des Codes, Et, Entre Eux, Les Proc&#xE8;s-verbanx, En Partie In&#xE9;dits, Du Conseil D'&#xE9;tat Qui Contiennent Is Disensaiom Du Cons Cavn, Des Proc&#xE8;s-verbans, Entirement Indir, De La Discussion Du &#x421;&#x43E;&#x43D;&#x44F; &#x418;&#x437; &#x421;&#x43E;&#x43C;&#x43C;&#x430;&#x43A;&#x43E;&#x432;, Da Cook Na Prociousa, Do Cons P'struction Categ Med Et De Cost Peraz, Des Observations, &#xC9;galement In&#xE9;dites, De La S&#x435;&#x441;&#x442;&#x456;&#x43B;&#x435; De L&#xE9;gulation Du Tribunat Sur Les Projets Des Trois Premiers Codes, Et De Celles Des Commissions Du Corps L&#xE9;gislatif Sur Les Deux Dernices, Enfio, Des Exp&#xE9; De Motifs, Rapports Et Discours Falts On Prononc&#xE9;s, Tant Dans L'assembl&#xE9; Gindeale Du Tribunst, Que Devant Le Corpe L&#xE9;gislatif, Le Conzlemery, Des Lois Ant&#xE9;rieures Auxquelles Les Codes Se R&#xE9;f&#xE9;rent; Des Lois Pon&#xE9;rieures Qui Les &#xC9;tendent, Les Modifient, Des Discussions Dont Ces Lois Sout Je R&#xE9;sultat, Des Ordonnances, D&#xE9;crets, Axis Da Conseil, Et Autres Actes Du Pouvoir Ex&#xE9;cutif Et R&#xE9;gl&#xE9;mentaire Destin&#xE9;s &#xC0; En Procurer L'ex&#xE9;cution. Le Tout Pr&#xE9;c&#xE9;d&#xE9; De Prot&#xE9;contus, On L'on Expose, Dans Une Premi&#xE8;re Partie, Le Mode De Porter La LOI Qui &#xC9;tait En Usage Lors De La Confection Des Codes, Ed Quels Travaux Pr&#xE9;paratoires Il A Produitas O&#xF9;, Dans Uns Seconde, On Trace Histoire G&#xE9;n&#xE9;rale De Chaque Code</subfield>
  </datafield>
  <datafield tag="546" ind1=" " ind2=" ">
    <subfield code="a">Texte en fran&#xE7;ais</subfield>
  </datafield>
  <datafield tag="650" ind1="1" ind2="4">
    <subfield code="a">Droit P&#xE9;nal</subfield>
    <subfield code="2">qrmak</subfield>
  </datafield>
  <datafield tag="651" ind1="1" ind2=" ">
    <subfield code="2">qrmak</subfield>
  </datafield>
  <datafield tag="856" ind1="4" ind2="0">
    <subfield code="u">https://fll.law.cu.edu.eg/fulltext/bks/B10-11629.pdf</subfield>
  </datafield>
  <datafield tag="905" ind1=" " ind2=" ">
    <subfield code="a">161</subfield>
  </datafield>
  <datafield tag="942" ind1=" " ind2=" ">
    <subfield code="2">ddc</subfield>
    <subfield code="c">BK</subfield>
    <subfield code="e">21</subfield>
    <subfield code="n">0</subfield>
  </datafield>
  <datafield tag="999" ind1=" " ind2=" ">
    <subfield code="c">74162</subfield>
    <subfield code="d">74162</subfield>
  </datafield>
  <datafield tag="952" ind1=" " ind2=" ">
    <subfield code="0">0</subfield>
    <subfield code="1">0</subfield>
    <subfield code="2">ddc</subfield>
    <subfield code="4">0</subfield>
    <subfield code="7">1</subfield>
    <subfield code="8">&#x627;&#x644;&#x642;&#x627;&#x646;&#x648;&#x646; &#x627;&#x644;&#x62C;&#x646;&#x627;&#x626;&#x64A;</subfield>
    <subfield code="a">CU</subfield>
    <subfield code="b">LAW1</subfield>
    <subfield code="d">2026-04-29</subfield>
    <subfield code="l">0</subfield>
    <subfield code="o">Law1 10 343.044 LO . L 1828 1011629 C1</subfield>
    <subfield code="p">B10-11629</subfield>
    <subfield code="r">2026-04-29 12:11:03</subfield>
    <subfield code="t">1</subfield>
    <subfield code="w">2026-04-29</subfield>
    <subfield code="y">BK</subfield>
  </datafield>
</record>
